[Event "Athens Siaperas Memorial 15th"]
[Site "Athens"]
[Date "2019.01.12"]
[Round "1"]
[White "Kasioumis, Vasilios"]
[Black "Patrinos, Ilias"]
[Result "1-0"]
[WhiteElo "2081"]
[BlackElo "1496"]
[PlyCount "57"]
[EventDate "2019.01.12"]
[EventType "swiss"]
[EventRounds "7"]
[EventCountry "GRE"]
[SourceTitle "EXT 2020"]
[Source "ChessBase"]
[SourceDate "2019.10.17"]
[SourceVersion "1"]
[SourceVersionDate "2019.10.17"]
[SourceQuality "1"]

1. e4 e6 2. d4 d5 3. Nc3 dxe4 4. Nxe4 Bd7 5. Nf3 Bc6 6. Bd3 Nd7 7. 0-0 Ngf6 8. Ng3 Be7 9. Re1 0-0 10. Qe2 Bxf3 11. Qxf3 c6 12. c3 Re8 13. Bg5 Qa5 14. Bd2 Rad8 15. a3 e5 16. b4 Qc7 17. Nf5 Bf8 18. Qg3 Kh8 19. Rad1 Nh5 20. Qh4 g6 21. Nh6 Kg7 22. Bc4 Be7 23. Nf5+ Kh8 24. Nxe7 Nb6 25. Bg5 Nxc4 26. Bf6+ Ng7 27. Qh6 Rg8 28. Nxg8 Rxg8 29. Bxe5 1-0

[Event "Athens Georgiou Memorial 2nd"]
[Site "Athens"]
[Date "2016.02.27"]
[Round "1"]
[White "Abelakiotis, Stavros"]
[Black "Patrinos, Ilias"]
[Result "0-1"]
[WhiteElo "1925"]
[BlackElo "1525"]
[PlyCount "130"]
[EventDate "2016.02.27"]
[EventType "swiss"]
[EventRounds "7"]
[EventCountry "GRE"]
[SourceTitle "EXT 2024"]
[Source "ChessBase"]
[SourceDate "2023.10.10"]
[SourceVersion "1"]
[SourceVersionDate "2023.10.10"]
[SourceQuality "1"]

1. e4 e6 2. d4 d5 3. Nd2 dxe4 4. Nxe4 Bd7 5. Nf3 Bc6 6. Bd3 Nd7 7. c3 Ngf6 8. Ned2 Be7 9. Nc4 Be4 10. 0-0 Bxd3 11. Qxd3 c5 12. Bf4 cxd4 13. Nxd4 0-0 14. Nb5 Nc5 15. Qf3 Qd3 16. Qxd3 Nxd3 17. Bg3 a6 18. Nd4 Ne4 19. Rad1 Nxg3 20. hxg3 Nc5 21. Nb6 Rad8 22. a4 Rd6 23. Nc4 Rdd8 24. a5 Ne4 25. Rfe1 Nd6 26. Nxd6 Bxd6 27. Re2 Bc7 28. Ra1 Rd5 29. b4 Rc8 30. Rc2 Bd6 31. Rac1 Be7 32. Kf1 Bg5 33. f4 Bf6 34. Ke2 g6 35. Nb3 Rb5 36. Nc5 Be7 37. Nd3 Rd5 38. Rd1 f6 39. Nf2 Bxb4 40. Rxd5 exd5 41. Rb2 Bxa5 42. Rxb7 Rxc3 43. Rb8+ Kf7 44. Ra8 Rc2+ 45. Kf3 Bb6 46. Nd3 Rd2 47. Nb4 f5 48. g4 fxg4+ 49. Kxg4 a5 50. Nc6 Rxg2+ 51. Kh3 Rf2 52. Ra6 Be3 53. Rxa5 Bxf4 54. Ra7+ Kf8 55. Ra8+ Kg7 56. Ra7+ Kh6 57. Kg4 d4 58. Ne7 g5 59. Ng8+ Kg6 60. Ne7+ Kf6 61. Nd5+ Ke5 62. Nxf4 gxf4 63. Rxh7 d3 64. Rd7 Ke4 65. Re7+ Kd4 0-1

[Event "Ambelokipi op 155th"]
[Site "Athens"]
[Date "2015.09.16"]
[Round "1"]
[White "Sideris, Theodoros"]
[Black "Patrinos, Ilias"]
[Result "1-0"]
[WhiteElo "2031"]
[BlackElo "1567"]
[PlyCount "104"]
[EventDate "2015.09.16"]
[EventType "swiss"]
[EventRounds "7"]
[EventCountry "GRE"]
[SourceTitle "EXT 2024"]
[Source "ChessBase"]
[SourceDate "2023.10.10"]
[SourceVersion "1"]
[SourceVersionDate "2023.10.10"]
[SourceQuality "1"]

1. e4 e6 2. d4 d5 3. Nc3 dxe4 4. Nxe4 Bd7 5. Nf3 Bc6 6. Nc3 Nf6 7. Ne5 g6 8. Bg5 Bg7 9. Nxc6 Nxc6 10. Bb5 0-0 11. Bxc6 bxc6 12. Ne4 h6 13. Nxf6+ Bxf6 14. Bxh6 Re8 15. Be3 Rb8 16. Rb1 Qd5 17. 0-0 Qxa2 18. Qf3 Kg7 19. Qxc6 Red8 20. b4 Bxd4 21. Bxd4+ Rxd4 22. Qxc7 Rbd8 23. h3 R8d7 24. Qe5+ Kh7 25. c3 Rd3 26. Rfc1 R7d5 27. Qf6 Rf5 28. Qh4+ Kg7 29. Rf1 Qa3 30. Ra1 Qxc3 31. Rxa7 Rd4 32. Qe7 Re4 33. Ra8 Rh5 34. Qf8+ Kf6 35. Ra7 Rh7 36. Qe7+ Kf5 37. Ra5+ Re5 38. Rxe5+ Qxe5 39. Rc1 Qd4 40. Rc5+ e5 41. Rc6 Ke4 42. Rc1 Kf5 43. g4+ Kf4 44. Qf6+ Ke4 45. Qc6+ Kf4 46. Rc4 Rxh3 47. Rxd4+ exd4 48. Qf6+ Kxg4 49. Kg2 Ra3 50. Qxd4+ Kf5 51. b5 Ke6 52. b6 Ra5 1-0

[Event "Ambelokipi op 147th"]
[Site "Athens"]
[Date "2014.09.27"]
[Round "3"]
[White "Delithanasis, Dimitrios"]
[Black "Patrinos, Ilias"]
[Result "1-0"]
[WhiteElo "2095"]
[BlackElo "1565"]
[PlyCount "57"]
[EventDate "2014.09.13"]
[EventType "swiss"]
[EventRounds "7"]
[EventCountry "GRE"]
[SourceTitle "EXT 2016"]
[Source "ChessBase"]
[SourceDate "2015.10.08"]
[SourceVersion "1"]
[SourceVersionDate "2015.10.08"]
[SourceQuality "1"]

1. d4 d5 2. c4 e6 3. Nf3 Nf6 4. g3 Be7 5. Bg2 0-0 6. 0-0 dxc4 7. Qc2 a6 8. a4 c5 9. Rd1 Qa5 10. Na3 Nc6 11. Nxc4 Nb4 12. Qb3 Qc7 13. Bf4 Qc6 14. Nfe5 Qe8 15. Nb6 Ra7 16. Be3 cxd4 17. Bxd4 Nc6 18. Nxc6 bxc6 19. Nxc8 Ra8 20. Nxe7+ Qxe7 21. Bxc6 Rab8 22. Qa3 Qc7 23. Rac1 Qa5 24. Rc5 Qb6 25. a5 Qa7 26. Rg5 Qc7 27. Bxf6 g6 28. Rc5 Rfc8 29. Qe3 1-0

[Event "Ambelokipi op 143rd"]
[Site "Athens"]
[Date "2014.03.29"]
[Round "4"]
[White "Diakoumakos, Georgios"]
[Black "Patrinos, Ilias"]
[Result "1-0"]
[WhiteElo "1505"]
[BlackElo "1697"]
[PlyCount "57"]
[EventDate "2014.03.08"]
[EventType "swiss"]
[EventRounds "7"]
[EventCountry "GRE"]
[SourceTitle "EXT 2016"]
[Source "ChessBase"]
[SourceDate "2015.10.08"]
[SourceVersion "1"]
[SourceVersionDate "2015.10.08"]
[SourceQuality "1"]

1. e4 e6 2. d4 d5 3. Nc3 dxe4 4. Nxe4 Bd7 5. Nf3 Bc6 6. Bd3 Nd7 7. 0-0 Ngf6 8. Neg5 h6 9. Nxe6 fxe6 10. Bg6+ Ke7 11. c4 Bxf3 12. Qxf3 c6 13. Qa3+ c5 14. dxc5 Ne5 15. c6+ Qd6 16. cxb7 Rb8 17. Qxd6+ Kxd6 18. Bf4 Nfd7 19. Rad1+ Kc5 20. Rfe1 Bd6 21. b4+ Kxb4 22. Rxd6 Nxg6 23. Bd2+ Kxc4 24. Rc1+ Kb5 25. a4+ Kxa4 26. Rb1 Nb6 27. Rd4+ Ka3 28. Rdb4 Ka2 29. Bc3 1-0

[Event "Ambelokipi op 139th"]
[Site "Athens"]
[Date "2013.12.18"]
[Round "7"]
[White "Patrinos, Ilias"]
[Black "Kapsoulis, Georgios"]
[Result "1-0"]
[WhiteElo "1614"]
[BlackElo "1866"]
[PlyCount "35"]
[EventDate "2013.11.11"]
[EventType "swiss"]
[EventRounds "7"]
[EventCountry "GRE"]
[SourceTitle "EXT 2024"]
[Source "ChessBase"]
[SourceDate "2023.10.10"]
[SourceVersion "1"]
[SourceVersionDate "2023.10.10"]
[SourceQuality "1"]

1. d4 Nf6 2. Bg5 Ne4 3. Bh4 c5 4. Nd2 Nxd2 5. Qxd2 cxd4 6. Qxd4 Qa5+ 7. Qd2 Qb6 8. c3 Nc6 9. Nf3 g6 10. e4 Bg7 11. Be2 d6 12. 0-0 0-0 13. Bg5 Re8 14. Bh6 Bf6 15. Rab1 Bg4 16. Rfe1 Rad8 17. Ng5 Bxe2 18. Rxe2 1-0

[Event "Ambelokipi op 140th"]
[Site "Athens"]
[Date "2013.11.30"]
[Round "4"]
[White "Ilandzis, Spyridon"]
[Black "Patrinos, Ilias"]
[Result "1-0"]
[WhiteElo "2219"]
[BlackElo "1671"]
[PlyCount "97"]
[EventDate "2013.11.11"]
[EventType "swiss"]
[EventRounds "7"]
[EventCountry "GRE"]
[SourceTitle "EXT 2024"]
[Source "ChessBase"]
[SourceDate "2023.10.10"]
[SourceVersion "1"]
[SourceVersionDate "2023.10.10"]
[SourceQuality "1"]

1. b3 d5 2. Bb2 e6 3. e3 Nf6 4. f4 Be7 5. Nf3 0-0 6. Nc3 c5 7. Bd3 Nc6 8. a3 a6 9. Ne2 Ne4 10. Bxe4 dxe4 11. Ne5 Qc7 12. Nxc6 Qxc6 13. g4 b5 14. Ng3 f5 15. g5 Bd7 16. Nh5 Rf7 17. Rg1 Kh8 18. g6 hxg6 19. Rxg6 Bf8 20. Qe2 Ra7 21. Qg2 Be8 22. Rh6+ Kg8 23. Nf6+ Rxf6 24. Rxf6 c4 25. Bd4 Rd7 26. b4 Qb7 27. Rxe6 Bh5 28. c3 Kf7 29. Re5 g6 30. Qg5 Bg4 31. Qh4 Kg8 32. Re6 Bh5 33. Kf2 Be7 34. Rxg6+ Bxg6 35. Qh8+ Kf7 36. Qg7+ Ke8 37. Qxg6+ Kd8 38. Qxf5 Bh4+ 39. Ke2 Rf7 40. Qe6 Re7 41. Qh6 Rh7 42. Qf8+ Kc7 43. Be5+ Kd7 44. Qd6+ Kc8 45. Rg1 Bd8 46. Rg8 Rxh2+ 47. Kd1 Rh1+ 48. Kc2 Qh7 49. Qc6+ 1-0

[Event "Ambelokipi op 137th"]
[Site "Athens"]
[Date "2013.09.11"]
[Round "1"]
[White "Xylogiannopoulos, Antonios"]
[Black "Patrinos, Ilias"]
[Result "1-0"]
[WhiteElo "2199"]
[BlackElo "1761"]
[PlyCount "91"]
[EventDate "2013.09.11"]
[EventType "swiss"]
[EventRounds "7"]
[EventCountry "GRE"]
[SourceTitle "EXT 2024"]
[Source "ChessBase"]
[SourceDate "2023.10.10"]
[SourceVersion "1"]
[SourceVersionDate "2023.10.10"]
[SourceQuality "1"]

1. b3 d5 2. Bb2 e6 3. e3 Nf6 4. f4 c5 5. Nf3 Nc6 6. Bb5 a6 7. Bxc6+ bxc6 8. d3 Be7 9. Ne5 Bb7 10. 0-0 0-0 11. Nd2 Qc7 12. Rf3 Rad8 13. Rg3 g6 14. Ng4 d4 15. Nc4 Nxg4 16. Qxg4 f5 17. Qe2 Bf6 18. exd4 cxd4 19. Qxe6+ Kh8 20. Ba3 Bc8 21. Qe2 Rfe8 22. Qd2 Re6 23. Rf3 Rde8 24. Rf2 Bb7 25. Bc5 Qd8 26. Raf1 Bh4 27. g3 Bf6 28. Qb4 Ba8 29. Nd6 R8e7 30. Nc4 Re8 31. Nd2 Qd5 32. Qc4 Qd7 33. Nf3 Kg8 34. Bxd4 Kg7 35. Bxf6+ Rxf6 36. Ne5 Qb7 37. Qc5 Ree6 38. c4 Rd6 39. Re2 a5 40. Rfe1 Rfe6 41. Nf3 Rxe2 42. Rxe2 Qc7 43. Ng5 Qd7 44. Qe5+ Rf6 45. Nxh7 Kxh7 46. Qxf6 1-0

[Event "Paleochora op 6th"]
[Site "Paleochora"]
[Date "2013.07.19"]
[Round "1"]
[White "Borovikov, Vladislav"]
[Black "Patrinos, Ilias"]
[Result "1-0"]
[WhiteElo "2564"]
[BlackElo "1685"]
[PlyCount "121"]
[EventDate "2013.07.19"]
[EventType "swiss"]
[EventRounds "9"]
[EventCountry "GRE"]
[SourceTitle "CBM 155 Extra"]
[Source "ChessBase"]
[SourceDate "2013.08.26"]
[SourceVersion "1"]
[SourceVersionDate "2013.08.26"]
[SourceQuality "1"]

1. d4 d5 2. c4 e6 3. Nc3 Nf6 4. Nf3 Be7 5. Bg5 0-0 6. e3 c5 7. dxc5 Bxc5 8. cxd5 exd5 9. Be2 Be6 10. 0-0 Nc6 11. Rc1 Be7 12. Nd4 Nxd4 13. Qxd4 Qa5 14. Rfd1 Rfd8 15. a3 h6 16. Bf4 Rac8 17. Nb5 Rxc1 18. Rxc1 b6 19. Qd1 Bd7 20. Nd4 Rc8 21. Rxc8+ Bxc8 22. Nc6 Qc5 23. Nxa7 Bd7 24. Qf1 Ne4 25. Nb5 Bh4 26. Bg3 Bf6 27. b4 Qc2 28. Bd3 Nxg3 29. hxg3 Bxb5 30. Bxc2 Bxf1 31. Kxf1 b5 32. a4 bxa4 33. Bxa4 Be7 34. b5 Bc5 35. Bb3 d4 36. e4 Kf8 37. Bc4 f6 38. f4 Ke7 39. Ke2 Kd6 40. Kf3 Ke7 41. e5 fxe5 42. fxe5 Bb6 43. g4 Ke8 44. Ke4 Kd7 45. Kd5 Ba7 46. Bd3 Bb6 47. Bf5+ Ke7 48. Kc6 Ba7 49. b6 Bb8 50. Kd5 Kf7 51. Kxd4 g6 52. Bd3 Ke6 53. Bc4+ Kd7 54. Kd5 Ke7 55. Bd3 g5 56. Bf5 Kf7 57. e6+ Ke7 58. Kc6 Kd8 59. Kb7 Bd6 60. Ka8 Ke7 61. b7 1-0

[Event "Ambelokipi op 132th"]
[Site "Athens"]
[Date "2013.03.11"]
[Round "1"]
[White "Delithanasis, Dimitrios"]
[Black "Patrinos, Ilias"]
[Result "1/2-1/2"]
[WhiteElo "2171"]
[BlackElo "1656"]
[PlyCount "93"]
[EventDate "2013.03.11"]
[EventType "swiss"]
[EventRounds "7"]
[EventCountry "GRE"]
[SourceTitle "EXT 2024"]
[Source "ChessBase"]
[SourceDate "2023.10.10"]
[SourceVersion "1"]
[SourceVersionDate "2023.10.10"]
[SourceQuality "1"]

1. d4 d5 2. Nf3 e6 3. c4 Nf6 4. Nc3 Be7 5. Bf4 c6 6. e3 Nh5 7. Bg3 Nd7 8. Bd3 dxc4 9. Bxc4 Nb6 10. Bd3 Nxg3 11. hxg3 Nd5 12. Rc1 Qa5 13. Kf1 Nxc3 14. bxc3 Qxa2 15. c4 Qa5 16. g4 c5 17. Ne5 cxd4 18. exd4 Bf6 19. Rh5 Bxe5 20. Rxe5 Qc7 21. Qe2 g6 22. Qe3 Qe7 23. g5 a5 24. c5 Bd7 25. d5 0-0 26. c6 bxc6 27. dxc6 Bc8 28. Qc5 Qxc5 29. Rexc5 Ba6 30. Bxa6 Rxa6 31. c7 Rc8 32. Rd1 Kg7 33. Rd8 Raa8 34. Rxc8 Rxc8 35. Ke2 Kf8 36. Rxa5 Rxc7 37. Ra8+ Kg7 38. f4 Rc5 39. Re8 Rf5 40. Ke3 Ra5 41. Kf3 Ra7 42. Kg4 h6 43. Kh4 hxg5+ 44. Kxg5 Ra2 45. g4 Rh2 46. Re7 Rh1 47. Ra7 1/2-1/2

[Event "Athens Siaperas Memorial 9th"]
[Site "Athens"]
[Date "2013.02.23"]
[Round "5"]
[White "Papamichael, Georgios"]
[Black "Patrinos, Ilias"]
[Result "1/2-1/2"]
[WhiteElo "1836"]
[BlackElo "1648"]
[PlyCount "116"]
[EventDate "2013.02.09"]
[EventType "swiss"]
[EventRounds "7"]
[EventCountry "GRE"]
[SourceTitle "EXT 2024"]
[Source "ChessBase"]
[SourceDate "2023.10.10"]
[SourceVersion "1"]
[SourceVersionDate "2023.10.10"]
[SourceQuality "1"]

1. e4 e6 2. d4 d5 3. Bd3 dxe4 4. Bxe4 Nf6 5. Bf3 c5 6. Ne2 Nc6 7. c3 cxd4 8. Bxc6+ bxc6 9. Nxd4 Bb7 10. 0-0 Be7 11. Qa4 Qd5 12. Rd1 Rd8 13. c4 Qd7 14. Nc3 c5 15. Ndb5 Qc6 16. Nc7+ Kf8 17. Rxd8+ Bxd8 18. Qxc6 Bxc6 19. Na6 Bb6 20. Be3 Nd7 21. b4 cxb4 22. Nxb4 Bb7 23. Na4 Bxe3 24. fxe3 a5 25. Nd3 Ke7 26. Nac5 Nxc5 27. Nxc5 Bc6 28. Rb1 Rd8 29. Nb3 Rb8 30. Rd1 a4 31. Nd4 Be4 32. Nb5 Rd8 33. Rd4 Bc6 34. Kf2 e5 35. Rxd8 Kxd8 36. Nc3 Kd7 37. e4 Kd6 38. Ke3 Kc5 39. Kd3 Kb4 40. Nb1 a3 41. g4 Bd7 42. h3 h5 43. gxh5 Bxh3 44. Nc3 Bf1+ 45. Kc2 Bxc4 46. Nd5+ Kc5 47. Nc7 Bxa2 48. Ne8 f6 49. Nxg7 Bf7 50. h6 Bg6 51. Nh5 Bxe4+ 52. Kb3 Bg6 53. Nxf6 Kd6 54. Kxa3 Ke6 55. h7 Bxh7 56. Nxh7 Kf5 57. Kb3 e4 58. Kc2 e3 1/2-1/2

[Event "Ambelokipi op 131th"]
[Site "Athens"]
[Date "2013.01.30"]
[Round "6"]
[White "Patrinos, Ilias"]
[Black "Karamanos, Athanasios"]
[Result "1-0"]
[WhiteElo "1642"]
[BlackElo "1581"]
[PlyCount "101"]
[EventDate "2013.01.12"]
[EventType "swiss"]
[EventRounds "7"]
[EventCountry "GRE"]
[SourceTitle "EXT 2024"]
[Source "ChessBase"]
[SourceDate "2023.10.10"]
[SourceVersion "1"]
[SourceVersionDate "2023.10.10"]
[SourceQuality "1"]

1. d4 Nf6 2. Nf3 e6 3. Bg5 h6 4. Bxf6 Qxf6 5. e4 b6 6. Bd3 Bb7 7. Nbd2 Nc6 8. c3 d6 9. Qe2 a5 10. d5 Na7 11. Ba6 Bxa6 12. Qxa6 exd5 13. Qb7 Qd8 14. exd5 Qc8 15. Qxc8+ Rxc8 16. 0-0 Be7 17. Rfe1 Kd7 18. Re2 Rhe8 19. Rae1 Bf8 20. Ne4 Re7 21. Nd4 Rce8 22. f4 Rc8 23. Re3 c6 24. dxc6+ Nxc6 25. Nb5 Re6 26. Kf1 d5 27. Rd3 d4 28. Nxd4 Nxd4 29. Rxd4+ Kc6 30. Rc4+ Kb7 31. Rxc8 Kxc8 32. f5 Re5 33. g4 h5 34. h3 f6 35. Kg2 h4 36. Kf3 Kc7 37. Re2 Kc6 38. Nd2 Rxe2 39. Kxe2 Kd5 40. Nf3 Ke4 41. Nxh4 Bc5 42. Ng2 a4 43. b3 axb3 44. axb3 b5 45. Ne1 Bd6 46. Nd3 Be7 47. c4 bxc4 48. bxc4 Bd6 49. c5 Bc7 50. Nb4 Be5 51. c6 1-0

[Event "Athens op 06"]
[Site "Athens"]
[Date "2012.06.22"]
[Round "4"]
[White "Patrinos, Ilias"]
[Black "Poulos, Georgios"]
[Result "0-1"]
[WhiteElo "1686"]
[BlackElo "2103"]
[PlyCount "130"]
[EventDate "2012.06.02"]
[EventType "swiss"]
[EventRounds "7"]
[EventCountry "GRE"]
[SourceTitle "EXT 2014"]
[Source "ChessBase"]
[SourceDate "2013.11.20"]
[SourceVersion "1"]
[SourceVersionDate "2013.11.20"]
[SourceQuality "1"]

1. d4 Nf6 2. Nf3 g6 3. Bg5 Ne4 4. Bf4 c5 5. e3 Bg7 6. c3 0-0 7. Nbd2 d5 8. Bd3 Bf5 9. Bxe4 Bxe4 10. Nxe4 dxe4 11. Ng5 cxd4 12. exd4 Qd5 13. Qb3 Qf5 14. Be3 Nc6 15. Qc2 e5 16. d5 Nd4 17. Qd2 h6 18. Nh3 Nf3+ 19. gxf3 Qxf3 20. Rg1 Qxh3 21. 0-0-0 Rfd8 22. Qc2 Qf5 23. h4 b6 24. Qe2 Rd6 25. Qa6 Qd7 26. c4 Rc8 27. Kb1 f5 28. Rge1 f4 29. Bd2 b5 30. Qxb5 Qxb5 31. cxb5 Rxd5 32. Rxe4 Rxb5 33. Bc1 Rc7 34. b3 Kf7 35. Bb2 Ke6 36. f3 Rd5 37. Rxd5 Kxd5 38. Ra4 Ke6 39. Ra6+ Kf5 40. Ra5 h5 41. Rd5 Re7 42. Ba3 Re6 43. Bc5 a6 44. b4 Bf6 45. Bf2 Rc6 46. Be1 Ke6 47. Rd3 Rd6 48. Rxd6+ Kxd6 49. Kc2 Kd5 50. Kd3 g5 51. hxg5 Bxg5 52. Ke2 Kc4 53. a4 Be7 54. b5 axb5 55. axb5 Kxb5 56. Kd3 h4 57. Bf2 h3 58. Bg1 Bc5 59. Bh2 Bf2 60. Ke4 Bg3 61. Bg1 h2 62. Bxh2 Bxh2 63. Kxe5 Kc4 64. Ke4 Bg3 65. Kf5 Kd3 0-1

[Event "Paleochora op 4th"]
[Site "Paleochora"]
[Date "2011.07.20"]
[Round "1"]
[White "Patrinos, Ilias"]
[Black "Danilenko, Dmitriy"]
[Result "0-1"]
[WhiteElo "1733"]
[BlackElo "2360"]
[PlyCount "82"]
[EventDate "2011.07.20"]
[EventType "swiss"]
[EventRounds "9"]
[EventCountry "GRE"]
[SourceTitle "CBM 143 Extra"]
[Source "ChessBase"]
[SourceDate "2011.08.29"]
[SourceVersion "1"]
[SourceVersionDate "2011.08.29"]
[SourceQuality "1"]

1. d4 f5 2. Nc3 d5 3. Bg5 g6 4. e3 Bg7 5. Bd3 Nh6 6. Nh3 Nf7 7. Qf3 Nxg5 8. Nxg5 e5 9. Nxd5 c6 10. dxe5 Qxd5 11. Qxd5 cxd5 12. f4 Nc6 13. c3 Ke7 14. h4 h6 15. Nf3 Be6 16. a4 Rac8 17. Kf2 Kf7 18. a5 Bf8 19. Rhd1 Be7 20. g3 Rhg8 21. Bc2 g5 22. hxg5 hxg5 23. Bb3 Rcd8 24. Rh1 Rh8 25. Rxh8 Rxh8 26. Kg2 Rg8 27. a6 bxa6 28. Rxa6 Rb8 29. Nd2 Rc8 30. Ba4 Bd7 31. Bxc6 Bxc6 32. Rxa7 Rb8 33. Ra2 d4+ 34. Kf2 d3 35. b4 Rh8 36. Nf1 Bd5 37. Rd2 Be4 38. Ke1 Rc8 39. fxg5 Rxc3 40. Rb2 Rc1+ 41. Kf2 Rc2+ 0-1

[Event "Ambelokipi op 114th"]
[Site "Athens"]
[Date "2011.06.04"]
[Round "1"]
[White "Patrinos, Ilias"]
[Black "Kamenets, Anatolij"]
[Result "0-1"]
[WhiteElo "1693"]
[BlackElo "2295"]
[PlyCount "178"]
[EventDate "2011.06.04"]
[EventType "swiss"]
[EventRounds "7"]
[EventCountry "GRE"]
[SourceTitle "EXT 2024"]
[Source "ChessBase"]
[SourceDate "2023.10.10"]
[SourceVersion "1"]
[SourceVersionDate "2023.10.10"]
[SourceQuality "1"]

1. d4 g6 2. Nf3 Bg7 3. c3 Nf6 4. Bg5 d6 5. Nbd2 0-0 6. e4 Nc6 7. Be2 e5 8. dxe5 Nxe5 9. Nxe5 dxe5 10. f3 Be6 11. Bc4 Qe7 12. Qb3 Bxc4 13. Nxc4 c6 14. Rd1 h6 15. Bh4 b5 16. Ne3 Qc7 17. 0-0 Rfd8 18. Rxd8+ Rxd8 19. Rd1 Rxd1+ 20. Qxd1 Nd7 21. Be7 Bf8 22. Bh4 Bc5 23. Bf2 h5 24. b4 Be7 25. a4 a6 26. a5 Nf8 27. Qd3 Ne6 28. g3 Kf8 29. Nc2 Ke8 30. Bb6 Qc8 31. Kf2 h4 32. Ne3 Ng5 33. Ng4 Qe6 34. Be3 Nh7 35. Kg2 Nf8 36. Bf2 hxg3 37. hxg3 Nd7 38. Ne3 Bg5 39. Nc2 Be7 40. Ne3 Kd8 41. Be1 Bg5 42. Nc2 Qb3 43. Ne3 Kc7 44. Qc2 Qxc2+ 45. Nxc2 f5 46. Kf2 Nf6 47. exf5 gxf5 48. Ke2 Nh5 49. Kd3 Kd6 50. c4 Nf6 51. Kc3 Bc1 52. Na1 Be3 53. Nb3 e4 54. fxe4 Nxe4+ 55. Kd3 bxc4+ 56. Kxc4 Ke5 57. Kd3 Bg1 58. Nd2 Ng5 59. Nc4+ Ke6 60. Bd2 Ne4 61. Be1 Nf6 62. Nd2 Nd5 63. Nf3 Ba7 64. Nh4 Nf6 65. Ng6 Bb8 66. Nf4+ Bxf4 67. gxf4 Kd5 68. Bc3 Nd7 69. Bd4 Nf8 70. Be3 Ne6 71. Bd2 c5 72. bxc5 Nxc5+ 73. Ke3 Kc4 74. Kf3 Nb3 75. Be1 Kb5 76. Kg3 Nxa5 77. Kh4 Nb3 78. Kg5 Nd4 79. Kf6 Kc4 80. Ba5 Kd5 81. Bb6 Ke4 82. Bxd4 Kxf4 83. Ke6 Ke4 84. Be5 a5 85. Kd6 a4 86. Ke6 a3 87. Kf6 f4 88. Bc3 f3 89. Kg5 f2 0-1

[Event "Ambelokipi op 85th"]
[Site "Athens"]
[Date "2008.03.11"]
[Round "1"]
[White "Kourousis, Epaminondas"]
[Black "Patrinos, Ilias"]
[Result "1-0"]
[WhiteElo "2180"]
[BlackElo "1984"]
[PlyCount "63"]
[EventDate "2008.03.11"]
[EventType "swiss"]
[EventRounds "7"]
[EventCountry "GRE"]
[SourceTitle "EXT 2010"]
[Source "ChessBase"]
[SourceDate "2010.11.25"]
[SourceVersion "1"]
[SourceVersionDate "2010.11.25"]
[SourceQuality "1"]

1. d4 d5 2. c4 c6 3. Nf3 e6 4. Nc3 Nf6 5. Bg5 h6 6. Bh4 g5 7. Bg3 dxc4 8. e4 b5 9. Ne5 Bb7 10. Be2 Nbd7 11. Nxd7 Qxd7 12. 0-0 Bg7 13. e5 Nd5 14. Ne4 0-0 15. h4 f5 16. exf6 Nxf6 17. Nc5 Qe7 18. hxg5 hxg5 19. Bg4 Nxg4 20. Qxg4 Bc8 21. Qe4 Bd7 22. Rfe1 Rae8 23. a4 b4 24. Re3 Rf5 25. Rae1 Kf7 26. Qg4 Kg6 27. Be5 Rxe5 28. Rxe5 Bxe5 29. Rxe5 Bc8 30. Ne4 Rf8 31. Rxg5+ Kf7 32. Qh5# 1-0

[Event "Ambelokipi op 82nd"]
[Site "Athens"]
[Date "2007.11.10"]
[Round "3"]
[White "Kharlampidi, Tengiz"]
[Black "Patrinos, Ilias"]
[Result "1-0"]
[WhiteElo "2130"]
[BlackElo "1743"]
[PlyCount "101"]
[EventDate "2007.11.03"]
[EventType "swiss"]
[EventRounds "7"]
[EventCountry "GRE"]
[SourceTitle "EXT 2024"]
[Source "ChessBase"]
[SourceDate "2023.10.10"]
[SourceVersion "1"]
[SourceVersionDate "2023.10.10"]
[SourceQuality "1"]

1. e4 a6 2. a4 e5 3. Nf3 Nc6 4. Bc4 Bc5 5. c3 Nf6 6. d3 0-0 7. b4 Bb6 8. Bg5 h6 9. Bh4 d6 10. h3 Be6 11. Nbd2 Qe7 12. 0-0 Rfd8 13. Bxe6 Qxe6 14. Nc4 Ba7 15. Ne3 Ne7 16. Qe2 Ng6 17. Bxf6 Nf4 18. Qd1 Qxf6 19. Ne1 Qg6 20. Kh2 c6 21. g3 Nh5 22. Nf5 Rd7 23. Ng2 Nf6 24. f4 Qh7 25. fxe5 dxe5 26. Qf3 Rad8 27. Rad1 c5 28. bxc5 Bxc5 29. Ne1 Bb6 30. Rb1 Ba5 31. Rb3 Rc7 32. c4 Kh8 33. Ng2 Qg8 34. Nxh6 Qe8 35. Nf5 Qxa4 36. Rbb1 Qc2 37. Nxg7 Rc6 38. Nh5 Rxd3 39. Qf5 Rd2 40. Rg1 Rxg2+ 41. Rxg2 Qxb1 42. Nxf6 Kg7 43. Qg5+ Kf8 44. Nh7+ Ke8 45. Qxe5+ Re6 46. Qxa5 Rxe4 47. Nf6+ Ke7 48. Nxe4 Qxe4 49. Rd2 Qxc4 50. Qd8+ Ke6 51. Qd6+ 1-0

[Event "Ambelokipi op 78th"]
[Site "Athens"]
[Date "2007.06.02"]
[Round "7"]
[White "Koerant, Filipos"]
[Black "Patrinos, Ilias"]
[Result "1-0"]
[WhiteElo "2107"]
[BlackElo "1942"]
[PlyCount "147"]
[EventDate "2007.05.12"]
[EventType "swiss"]
[EventRounds "7"]
[EventCountry "GRE"]
[SourceTitle "EXT 2008"]
[Source "ChessBase"]
[SourceDate "2007.11.25"]
[SourceVersion "1"]
[SourceVersionDate "2007.11.25"]
[SourceQuality "1"]

1. c4 e6 2. Nc3 Nf6 3. d4 d5 4. cxd5 exd5 5. Bg5 c6 6. Qc2 h6 7. Bxf6 Qxf6 8. Nxd5 Qd8 9. Nc3 Qxd4 10. Nf3 Qc5 11. Rd1 Bf5 12. e4 Be6 13. Be2 Be7 14. 0-0 0-0 15. a3 a5 16. Nd4 Bc8 17. a4 Na6 18. Rd2 Nb4 19. Qc1 Rd8 20. Rfd1 Qb6 21. Nf3 Bg4 22. Rxd8+ Rxd8 23. Rxd8+ Qxd8 24. Bc4 Bh5 25. h3 Bxf3 26. gxf3 Bf6 27. Qf4 Qd7 28. Kg2 Be7 29. e5 Nd5 30. Bxd5 cxd5 31. Qd4 Bb4 32. Nxd5 Qxa4 33. Qc4 Qc6 34. Qd3 Bf8 35. Nc3 Qg6+ 36. Qxg6 fxg6 37. f4 Kf7 38. Kf3 Bb4 39. Nd5 Bd2 40. Ke4 Ke6 41. Nb6 Bb4 42. b3 Bc5 43. Nc4 Bb4 44. Nb2 b5 45. Nd3 Be7 46. Kd4 a4 47. bxa4 bxa4 48. Nc1 Kf5 49. Kd5 Kxf4 50. Ke6 Ba3 51. Ne2+ Kf3 52. Nc3 Kxf2 53. Kf7 Bb2 54. e6 Ba3 55. Kxg7 Kg3 56. Kxh6 Kxh3 57. Kxg6 Bb4 58. Nxa4 Kg4 59. Nc3 Ba3 60. Nd5 Kf3 61. Kf5 Kg3 62. Ke5 Kg4 63. Ne3+ Kg5 64. Nf5 Bf8 65. Nd6 Kg6 66. Ne4 Be7 67. Kd5 Kh7 68. Kc6 Kg8 69. Kd7 Kf8 70. Ng3 Ba3 71. Nf5 Bc5 72. Nd6 Bxd6 73. Kxd6 Ke8 74. e7 1-0